The Longman Dictionary of Law. (Record no. 8645)

MARC details
000 -LEADER
fixed length control field 00465nam a22001697a 4500
003 - CONTROL NUMBER IDENTIFIER
control field OSt
005 - DATE AND TIME OF LATEST TRANSACTION
control field 20190629145239.0
008 - FIXED-LENGTH DATA ELEMENTS--GENERAL INFORMATION
fixed length control field 190625b xxu||||| |||| 00| 0 eng d
020 ## - INTERNATIONAL STANDARD BOOK NUMBER
International Standard Book Number 978-1-4082-5744-9
040 ## - CATALOGING SOURCE
Original cataloging agency LDCLIB
Transcribing agency LDCLIB
082 ## - DEWEY DECIMAL CLASSIFICATION NUMBER
Edition number 8th ed.
Classification number Ref. 340.03
Item number CUR
100 ## - MAIN ENTRY--PERSONAL NAME
Personal name Curzon, L.B
245 ## - TITLE STATEMENT
Title The Longman Dictionary of Law.
Statement of responsibility, etc P.H. Richards . L.B Curzon.
260 ## - PUBLICATION, DISTRIBUTION, ETC. (IMPRINT)
Place of publication, distribution, etc England.
Name of publisher, distributor, etc Longman
Date of publication, distribution, etc 2011.
300 ## - PHYSICAL DESCRIPTION
Extent xviii, 508p. : 18cm.
942 ## - ADDED ENTRY ELEMENTS (KOHA)
Source of classification or shelving scheme Dewey Decimal Classification
Koha item type Books
Holdings
Withdrawn status Lost status Source of classification or shelving scheme Damaged status Not for loan Home library Current library Shelving location Date acquired Total Checkouts Full call number Barcode Date last seen Copy number Price effective from Koha item type
    Dewey Decimal Classification     Law Development Centre Main Library Law Development Centre Main Library Text Books and Laws 06/25/2019   Ref. 340.03 CUR 102/019 06/25/2019 1 06/25/2019 Books
    Dewey Decimal Classification     Law Development Centre Main Library Law Development Centre Main Library Text Books and Laws 06/25/2019   Ref. 340.03 CUR 103/019 06/25/2019 2 06/25/2019 Books